Statistics for Municipalities of Sawyer County, Wisconsin

Click here to take the quiz!

General Stats

  • This quiz has been taken 9 times
  • The average score is 10 of 25

Answers on the Map

Answers color-coded by a green-red scale on the quiz's map according to % correct below.
 

Answer Stats

Answer% Correct
City of Hayward
75%
Town of Hayward
75%
Town of Winter
75%
Village of Winter
75%
Census Designated Place of Chief Lake
50%
Census Designated Place of Little Round Lake
50%
Census Designated Place of New Post
50%
Census Designated Place of Reserve
50%
Town of Round Lake
50%
Village of Exeland
50%
Town of Bass Lake
25%
Town of Couderay
25%
Town of Draper
25%
Town of Edgewater
25%
Town of Hunter
25%
Town of Lenroot
25%
Town of Meadow Brook
25%
Town of Meteor
25%
Town of Ojibwa
25%
Town of Radisson
25%
Town of Sand Lake
25%
Town of Spider Lake
25%
Town of Weirgor
25%
Village of Couderay
25%
Village of Radisson
25%

Score Distribution

Percentile by Number Answered

Percent of People with Each Score

Your Score History

You have not taken this quiz